000 00528nam a2200193Ia 4500
003 GCL
008 140319s9999 xx 000 0 eng d
040 _aGCL /
_cGCL
082 0 4 _aCH
_b823
_bM M
100 1 _aMC CLANAHAN, FRANK
245 1 0 _aMY BIG BOOK OF MOTHER GOOSE RHYMES /
_cMC CLANAHAN, FRANK
260 _a[S.N] :
_bMC CLANAHAN BOOK COMPANY ،
_c1996
650 0 4 _aENGLISH LITERATURE
650 0 4 _aLITERATURE
650 0 4 _aENGLISH FICTION
650 0 4 _aFICTION
650 0 4 _aCHILDREN - FICTION
942 _2ddc
_cBK
999 _c14639
_d14639